| 000 | 00407cam a22001097a 4500 | ||
|---|---|---|---|
| 008 | 180718b1965 xxu||||| |||| 00| 0 eng d | ||
| 082 | _a.N400x54 In2/1964 | ||
| 245 |
_aRural policing: background papers of the seminar held on 14th to 16th december, 1964 _cby Central Police Training College |
||
| 260 |
_aAbu _bCntral Police Training College _c1965 |
||
| 300 | _a245p. | ||
| 700 | _aCentral Police Training Colleg | ||
| 999 |
_c493909 _d493909 |
||